000 00350nam a2200133Ia 4500
008 240624s9999 xx 000 0 und d
041 _aeng
082 _a650.144 SAL
100 _aSALMONS JANET
245 _aCASES IN ONLINE INTERVIEW RESEARCH
260 _c2012
_aLondon
_bSage Publications
300 _axlix, : 349 : p. : cm. ; 23
365 _c
_b30
999 _c19717
_d19717